000 00470nam a2200181Ia 4500
008 230125s9999 xx 000 0 und d
041 _aeng
082 _a891.463
_bMOK
100 _aMokashi B V
_9114625
245 _aMala na padlele swapna
260 _c1986
_bAdvaita ashrama pub
300 _a160p
500 _aLiterature;Marathi Literature
500 _aMarathi book
650 _aMarathi Literature
700 _aMokashi B V
_9114625
999 _c92106
_d92106